| 000 | 00974cam a2200253 4500 | ||
|---|---|---|---|
| 001 | WB3703-18 | ||
| 008 | 000000n2001 000 0 eng u | ||
| 035 | _a(Sirsi) u110433 | ||
| 245 | _aAggregates tax will push concrete overseas | ||
| 260 | _c2001 | ||
| 490 |
_aConstruction News _v(6699) 18 January 2001, 18(1) |
||
| 520 | _aThe British Aggregates Association's report "Assessment of the aggregates tax" warns that the proposed levy on quarried products will have a detrimental effect on smaller quarries and the environment, forcing precast concrete manufacturers to switch operations to Europe. Summary of key findings of the report. | ||
| 590 | _aWB | ||
| 650 | _aAGGREGATES TAX | ||
| 650 | _aPRECAST CONCRETE | ||
| 650 | _aBUILT ENVIRONMENT-BUILDING MATERIALS | ||
| 650 | _aEUROPE | ||
| 650 | _aFINANCE BILL | ||
| 650 | _aENERGY USE | ||
| 650 | _aRECYCLING | ||
| 650 | _aQUARRY PRODUCTS ASSOCIATIONS | ||
| 690 | _aMINING AND MINERALS | ||
| 942 | _n0 | ||
| 999 |
_c65836 _d65836 |
||